00560nam a22001817a 4500999001900000003000400019020001800023082002000041100002100061245005300082260003000135300001400165546001200179650003600191650002500227942001200252952011400264 c291332d291332OSt a9780415855501 a338.927bTIN/EN aTinsley, Stephen aEnvironmental management in a low carbon economy aNew YorkbRoutledgec2014 axiv,223p. aEnglish aEnvironmental management system aEMS model typologies 2ddccBK 00102ddc40708GenaKAUCLVbKAUCLVcGENERALd2024-05-28l0o338.927 TIN/ENp232501r2024-05-28 00:00:00yBK